000
00348nam a2200133Ia 4500
008
151001s9999||||xx |||||||||||||| ||und||
100
_a
Pattanaik Chndra Mohan
245
_a
Human Rights Gender and Environment
250
_a
1
260
_b
Swastik Prakashna
260
_c
2013
300
_a
248
365
_b
21
999
_c
1001737
_d
1001734